| 000 | 00863nam a22002297a 4500 | ||
|---|---|---|---|
| 003 | BUBTL | ||
| 008 | 240309b ||||| |||| 00| 0 eng d | ||
| 020 | _a9789389347487 | ||
| 041 | _aeng | ||
| 082 | _a658.049/ C4246i/ 2020 | ||
| 100 |
_95727 _aCherunilam, Francis |
||
| 245 |
_aInternational Business : _bText and Cases / _cFrancis Cherunilam |
||
| 250 | _a6th ed. | ||
| 260 |
_aDelhi : _bPHI Learning Private Limited, _cc2020 |
||
| 300 |
_axxiii, 807 p. : _c24 cm. |
||
| 500 | _aIncludes Index | ||
| 505 | _aInternational Business, Introduction to International Business, Global Economic Political and Technological Environments of Business, Global Socio-Cultural and Demographic Environment, International Trading Environment | ||
| 650 | 0 |
_939 _aManagement |
|
| 856 |
_k0 _l0 _yDownload |
||
| 942 |
_2ddc _cBK |
||
| 999 |
_c7254 _d7254 |
||